| 000 | 00591nam a2200169 a 4500 | ||
|---|---|---|---|
| 008 | 120416s1982 ||||||||||||||||| || u | ||
| 020 | _a0070170797 | ||
| 050 | _aHF 5635 Dix | ||
| 100 | _aDixon, Robert L | ||
| 245 | 1 | 0 | _aThe Executive's accounting primer. (2nd ed.) |
| 250 | _a2nd ed. | ||
| 260 |
_aNew York : _bMcGraw-Hill _c1982 |
||
| 300 | _axv, 395p. : ill. | ||
| 350 | _a0.00 | ||
| 650 | 0 | _aACCOUNTING--HANDBOOKS, MANUALS, ETC | |
| 995 |
_D0.00 _FCBU-MAIN LIBRARY (Kitwe) _H1 _I33.50 _UAVAILABLE _ZAnnex Low-Usage Collection |
||
| 999 |
_c42849 _d42849 |
||